000
00307nam a2200121Ia 4500
008
220120s9999||||xx |||||||||||||| ||und||
082
_a
823 MUR
100
_a
Murray, Kirsty
_9
11957
245
0
_a
Tough stuff
260
_a
Allen and Unwin
_b
New Delhi
_c
1999
300
_a
207p.;28cm
_b
0
650
_a
ELECTRONICS
999
_c
137503
_d
137503